01101nam a22001697a 4500003000900000005001700009008004100026040001300067110009200080245018000172260004600352300004000398500027500438650004900713651004500762856012400807BR-ViAPE20260508155151.0260508s1923 por gss|||f001 0 por d cBR-ViAPE aMinistério da Agricultura, Indústria e ComérciobDiretoria Geral de Estatística aRecenseamento do Brasil, realizado em 1 de setembro de 1920: brelação dos proprietários dos estabelecimentos rurais recenseados no Estado do Espírito Santo - Linhares aRio de JaneirobTyp. da Estatisticac1923 a36 p.bDocumento digitalizado (PDF) aDocumento integrante do Recenseamento do Brasil de 1920, contendo levantamento estatístico e nominal de estabelecimentos rurais do município de Linhares (ES).aDocumento digitalizado do acervo institucional do Arquivo Público do Estado do Espírito Santo - APEES. aPropriedade ruralxHistóriazLinhares (ES) aLinhares (ES)zEspírito Santo (Brasil) uhttps://ape.es.gov.br/Media/ape/PDF/Recenseamento/Recenseamento_1920_Linhares.pdfyCLIQUE AQUI PARA ACESSAR O DOCUMENTO